Catálogo
 En Linea

Claves para una lectura de Nietzsche : (Registro nro. 20705)

Detalles MARC
000 -CABECERA
campo de control de longitud fija 00971nam a2200241 a 4500
001 - NÚMERO DE CONTROL
campo de control 000021204
005 - FECHA Y HORA DE LA ÚLTIMA TRANSACCIÓN
campo de control 20240226184457.0
008 - DATOS DE LONGITUD FIJA--INFORMACIÓN GENERAL
campo de control de longitud fija 100902s2003 dr 000 0 spa d
020 ## - NÚMERO INTERNACIONAL ESTÁNDAR DEL LIBRO
Número Internacional Estándar del Libro 9993495921
040 ## - FUENTE DE LA CATALOGACIÓN
Centro catalogador/agencia de origen DO-SdBNP
Lengua de catalogación spa
Centro/agencia transcriptor BNPHU
082 ## - NÚMERO DE LA CLASIFICACIÓN DECIMAL DEWEY
Número de clasificación 193
Número de documento/Ítem N667zB
100 1# - ENTRADA PRINCIPAL--NOMBRE DE PERSONA
Nombre de persona Brea Franco, Luis O.
9 (RLIN) 7125
245 10 - MENCIÓN DE TÍTULO
Título Claves para una lectura de Nietzsche :
Resto del título prolegómenos a una interpretación de su obra /
Mención de responsabilidad, etc. Luis O. Brea Franco.
260 ## - PUBLICACIÓN, DISTRIBUCIÓN, ETC.
Lugar de publicación, distribución, etc. Santo Domingo :
Nombre del editor, distribuidor, etc. Academia de Ciencias de la República Dominicana,
Fecha de publicación, distribución, etc. 2003.
300 ## - DESCRIPCIÓN FÍSICA
Extensión 475 p. ;
Dimensiones 24 cm.
500 ## - NOTA GENERAL
Nota general Incluye datos biográficos del autor en la solapa de la cubierta
500 ## - NOTA GENERAL
Nota general Incluye referencias bibliográficas y notas al pie de las páginas
504 ## - NOTA DE BIBLIOGRAFÍA, ETC.
Nota de bibliografía, etc. Bibliografía: p. 463-475
590 ## - NOTA LOCAL (RLIN)
Nota local Inventariado, 2018/MFF
600 14 - PUNTO DE ACCESO ADICIONAL DE MATERIA--NOMBRE DE PERSONA
Nombre de persona NIETZSCHE, FRIEDRICH WILHELM
Fechas asociadas al nombre 1844-1900
Subdivisión general CRÍTICA Y INTERPRETACIÓN
9 (RLIN) 43104
650 #4 - PUNTO DE ACCESO ADICIONAL DE MATERIA--TÉRMINO DE MATERIA
Término de materia o nombre geográfico como elemento de entrada Filosofos alemanes
9 (RLIN) 43106
910 ## - DATOS DE OPCIÓN DEL USUARIO (OCLC)
Datos de opción del usuario Validado. Control de calidad MFF
Existencias
Estado de retiro Estado de pérdida Restricciones de uso No para préstamo Código de colección Localización permanente Ubicación/localización actual Ubicación en estantería Fecha de adquisición Número de inventario Total de préstamos Signatura topográfica completa Código de barras Fecha visto por última vez Número de copia Precio válido a partir de Tipo de ítem Koha
        Dominicana de Servicio General General Depósito 02.09.2010 LF1   193 N667zB 21204-30 25.06.2020 e.3 25.06.2020 Libro y Folleto Colección Dominicana de Servicio
        Dominicana de Servicio General General Depósito 02.09.2010 LF1   193 N667zB 21204-40 25.06.2020 e.4 25.06.2020 Libro y Folleto Colección Dominicana de Servicio
        Dominicana de Servicio General General Depósito 02.09.2010 LF1   193 N667zB 21204-50 25.06.2020 e.5 25.06.2020 Libro y Folleto Colección Dominicana de Servicio
      Excluido de préstamo Patrimonio Dominicano Patrimonio Dominicano Patrimonio Dominicano Depósito 02.09.2010 LF1   193 N667zB 21204-10 25.06.2020   25.06.2020 Libro y Folleto Colección Patrimonio Dominicano
      Excluido de préstamo Patrimonio Dominicano Patrimonio Dominicano Patrimonio Dominicano Depósito 02.09.2010 LF1   193 N667zB 21204-20 25.06.2020 e.2 25.06.2020 Libro y Folleto Colección Patrimonio Dominicano

Con tecnología Koha